| 000 | 00559cam a22002291 4500 | ||
|---|---|---|---|
| 001 | sa 67007156 | ||
| 003 | DLC | ||
| 005 | 20260227112413.0 | ||
| 008 | 890421s1966 ii 000 0 tamo | ||
| 010 | _asa 67007156 | ||
| 035 | _a(OCoLC)19581130 | ||
| 040 |
_aDLC _cWaU _dDLC |
||
| 042 | _apremarc | ||
| 050 | 0 | 0 |
_aPL4758.9.T5 _bC42 |
| 100 | 0 | _aCentur̲aimuttu. | |
| 245 | 1 | 0 | _aVaḷḷuvar vakutta ar̲am. |
| 260 | _c[1966] | ||
| 300 |
_a138 p. _c19 cm. |
||
| 500 | _aIn Tamil. | ||
| 600 | 0 | 0 |
_aTiruvaḷḷuvar. _tTirukkar̲aḷ. |
| 650 | 0 | _aEthics. | |
| 999 |
_c76401 _d76401 |
||